| 000 | 00674cam a2200241 4500 | ||
|---|---|---|---|
| 008 | 090401t1998 xxu||||| |||| 00| 0 eng d | ||
| 020 | _a0750627654 | ||
| 035 | _a(Sirsi) u84801 | ||
| 041 | _aeng | ||
| 050 | _a690.241 | ||
| 245 | _aHistoric floors: their history and conservation. | ||
| 260 |
_aOxford _bButterworth-Heinemann _c1998 |
||
| 300 | _axix,250p. : ill. ; 25cm. | ||
| 350 | _a60 | ||
| 650 | _aCONSERVATION | ||
| 650 | _aFLOORING | ||
| 650 | _aBUILT ENVIRONMENT-BUILDING ELEMENTS-COMPLETE BUILDING ELEMENTS-FLOORS | ||
| 650 | _aHISTORIC BUILDINGS | ||
| 690 | _aCONSERVATION | ||
| 700 |
_aFawcett, Jane _xEditor |
||
| 942 | _n0 | ||
| 948 | _c11/03/1998 | ||
| 999 |
_c96978 _d96978 |
||